Pénzügyi alapismeretek 12.

Elmentve itt :
Bibliográfiai részletek
Szerző: Kosztopulosz Andreász
Dokumentumtípus: Vegyes gyűjtemény
Megjelent: 2018-11-14
Kulcsszavak:pénzügy
Tárgyszavak:
Online Access:http://eta.bibl.u-szeged.hu/1353
LEADER 01085npc a2200229 i 4500
001 eta1353
005 20211006094924.0
008 181120s2018 hu o 0|| hun d
040 |a SZTE Elektronikus Tananyag Archívum  |b hun 
041 |a hun 
100 1 |a Kosztopulosz Andreász 
245 1 0 |a Pénzügyi alapismeretek 12.  |h [elektronikus dokumentum] /  |c  Kosztopulosz Andreász 
246 1 0 |a Introduction to finance  |h [elektronikus dokumentum] 
260 |c 2018-11-14 
650 4 |a Társadalomtudományok 
650 4 |a Közgazdasági és gazdálkodástudományok 
650 4 |a Közgazdaság, ökonometria 
650 4 |a Pénzpiacok, pénzügyi eszközök árai, nemzetközi pénzügyek 
695 |a pénzügy 
856 4 0 |u https://eta.bibl.u-szeged.hu/1353/9/12.1.%20A%20p%C3%A9nz%C3%BCgyi%20ellen%C5%91rz%C3%A9s.mp4  |z Dokumentum-elérés  
856 4 0 |u https://eta.bibl.u-szeged.hu/1353/2/12_1%20A%20p%C3%A9nz%C3%BCgyi%20ellen%C5%91rz%C3%A9s.pptx  |z Dokumentum-elérés  
856 4 0 |u https://eta.bibl.u-szeged.hu/1353/3/12_2%20esettanulm%C3%A1ny%20Az%20Enron%20botr%C3%A1ny.pdf  |z Dokumentum-elérés